| 000 | 00540aam a2200217 4500 | ||
|---|---|---|---|
| 005 | 20170116120949.0 | ||
| 008 | 150416b xxu||||| |||| 00| 0 spa d | ||
| 041 | _aspa | ||
| 082 | _a174 A662e | ||
| 100 |
_aArangueren, José Luis _934059 |
||
| 245 | _aÉtica | ||
| 260 |
_aEstados Unidos _bBiblioteca Nueva _c1997 |
||
| 300 | _a389 páginas | ||
| 650 |
_aÉTICA _9489 |
||
| 650 |
_aMORAL _92444 |
||
| 650 |
_aMETAFÍSICA _915302 |
||
| 650 |
_aRELIGIÓN _92354 |
||
| 650 |
_aFELICIDAD _912362 |
||
| 650 |
_aVIRTUDES _98598 |
||
| 942 | _cBK | ||
| 999 |
_c4740 _d4740 |
||